Łatwy quiz z geografii - Statystyki

Ogólne statystyki
  • Ten quiz został rozwiązany 53 razy
  • Średni wynik to 8 z 11
Statystyki odpowiedzi
Zagadnienie Odpowiedź % Poprawnych
Na którym kontynencie leży Wakanda? Taki kraj nie istnieje
93%
Co jest stolicą Chin Pekin
87%
Co jest stolicą Polski Warszawa
87%
Uzbekistan, Turkmenistan i Tadżykistan które z tych państw nie istnieje Wszystkie istnieją
87%
Czy Florencja to państwo? Nie
80%
Którego państwa stolicą jest Waszyngton USA
80%
Najmniejszy kraj na świecie Watykan
80%
Najludniejsze państwo na świecie to Indie
73%
Mówi się Alabama czy Albania Alabama to stan USA, a Albania to kraj
67%
Co to Mamry? Jezioro
67%
Kto dopłynął drogą morską do Indii w 1498 Vasco da Gama
40%
Nie znaleziono quizów pasujących do podanych kryteriów
Rozkład punktacji
Procent ludzi z każdym wynikiem
Percentyl według liczby udzielonych odpowiedzi
Twoja historia wyników
Nie rozwiązałeś tego quizu